Fr. Conceicao Rodrigues College of Engineering

Successful time management (Record no. 33100)

MARC details
000 -LEADER
fixed length control field 00350nam a2200157Ia 4500
082 ## - DEWEY DECIMAL CLASSIFICATION NUMBER
Item number ATK
100 ## - MAIN ENTRY--PERSONAL NAME
Personal name Atkinson/Frank
245 ## - TITLE STATEMENT
Title Successful time management
260 ## - PUBLICATION, DISTRIBUTION, ETC.
Name of publisher, distributor, etc. Jaico Publishing House
Date of publication, distribution, etc. 2015
366 ## - TRADE AVAILABILITY INFORMATION
Publishers's discount category 28
546 ## - LANGUAGE NOTE
Language note ENGLISH
-- Computers
650 ## - SUBJECT ADDED ENTRY--TOPICAL TERM
Topical term or geographic name entry element time management
654 ## - SUBJECT ADDED ENTRY--FACETED TOPICAL TERMS
Focus term time management
942 ## - ADDED ENTRY ELEMENTS (KOHA)
Koha item type BOOK
Holdings
Withdrawn status Lost status Damaged status Not for loan Collection Home library Current library Date acquired Source of acquisition Cost, normal purchase price Inventory number Total Checkouts Full call number Barcode Date last seen Date last checked out Cost, replacement price Price effective from Koha item type
        CRC Fr. Agnel's C.Rodrigues College of Engineering AGNEL TECHNICAL COLLEGE LIBRARY 17/03/2023 Allied Publisher 215.28 1229 dt 22.12.2015 1 ATK 23991 29/11/2024 21/11/2024 299.00   BOOK